000 00660nam a2200217Ia 4500
005 20250508165856.0
008 008 250505s9999 xx 000 0 eng d
020 _a978-81-88121-98-4
037 _aTextual
040 _aFEDL
_beng
_cFEDL
041 _aeng
_2eng
084 _a378.54, KAP
_qFEDL
100 _aKapur Devesh Ed.
245 0 _aNavigating the labyrinth: Perspectives on India's higher education
260 _aHyderabad, India
_bOrient Blackswan Private Limited
_c2017
300 _ax, 273p.
365 _aINR
_b895
700 _a Mehta Pratap Bhanu Ed.
_9782271
942 _cTEXL
_h378.54, KAP
999 _c1397950
_d1397950